01983nam a2200265Ia 4500001000600000003000900006008004100015040001300056040001300069041001300082100001900095100002900114240003500143240003500178245004500213245004500258250001100303260001100314260001800325260004900343300005600392500119900448650003901647650003101686H3847IT-RoPAU130308s9999 xx 000 0 und d aIT-RoPAU cIT-RoPAU aITALIANO aMarvin Carolyn gCodice Aut. SPICS: 36158 aWHEN OLD TECHNOLOGIES WERE NEW gCodice Tit. Orig. Spics: T3362 aQuando le vecchie tecnologie erano nuove bQuando le vecchie tecnologie Erano Nuove a2a ed. aTORINO bUtet Libreria c1998 [1° Ed.:1994 - Ed.Ling.Originale:1988] a"326 p. (prefazione: 34; testo: 292 [pagine: 0-0])" a"Elettricità e Comunicazione a Fine Ottocento. Prefazione All'Edizione Italiana di Peppino Ortoleva: Tecniche e Mentalita'; Società Elettrificata; Archeologia delle Telecomunicazioni. Inventare L'Esperto: Competenza tecnologica Come Valore di Scambio; Testualità Elettrica; Scienza Autentica e Alta Cultura. Comunità e gerarchie di Classe: Il Progresso Alla porta di Casa; Casa e Famiglia Come Rete di Comunicazione; Confini dell'Intimità Domestica; tensione e Fiducia: Asimmetria e Coscienza di Classe. Corpo Nello Spazio e nel Tempo dell'Elettricita': Principi in Competizione: Principio dell'Esperienza Corporea; Corpo Trasformato Dall'Elettricita'; Poteri Speciali Emessaggi Impressi Sul Corpo; Automazione ed Evoluzione; Elettricità e Morte. Abbagliare le Folle: Alle Origini dei Media Spettacolari: Conversazionipotenziate; spettacoli Potenziati; Illuminazione Pubblica e Privata: Lessico degli Effetti Luminosi; Messaggi di Luce. Annullare le Distanze, Il Tempo, le Differenze: Esperimenti di Omogeneizzazione Culturale; Universo Egocentrico dei Media; realizzare Il Futuro: spettacoli via Cavo; Notiziari Elettrici; Diffusione Telefonica, Antenato dei sistemi Radiofonici." aSTORIA DELLA COMUNICAZIONE SOCIALE eCodice materia Spics: 3808